000 00714nam a2200181Ia 4500
008 090630s9999 xx 000 0 und d
082 _b21651
100 _aसहस्त्रबुध्दे रमेश.
245 _aसप्तरंगी विज्ञान.
_cसहस्त्रबुध्दे रमेश.
260 _bमधुराज - पुणे.
_c2001
300 _a112
600 _aसहस्त्रबुध्दे रमेश.
630 _aसप्तरंगी विज्ञान.
655 _aइतर.
700 _aसहस्त्रबुध्दे रमेश.
730 _aसप्तरंगी विज्ञान.
942 _cBOOK
999 _c273507
_d273507